000 02164nam a2200301 a 4500
001 54781
003 AR-BaAGN
005 20250829121051.0
007 ta
008 s ag |||||r|||| ||| ||spa d
020 _aCayetano Silva : |b la historia de vida del músico
040 _aAR-BaAGN
_bspa
_eaacr
100 1 _aGarcía, Alejandra
_99340
245 1 0 _aCayetano Silva :
_bla historia de vida del músico afrodescendiente que compuso la marcha de San Lorenzo /
_cAlejandra García.
250 _a1a ed.
260 _aVenado Tuerto :
_bAjí Ediciones,
_c2023.
300 _a141 p. :
_bilus. byn., fotos byn., facsímil;
_c21 cm.
336 _btxt
_2rdacontent
337 _bn
_2rdamedia
338 _bnc
_2rdacarrier
520 3 _a«¿Por qué leer acerca del autor de la marcha San Lorenzo, Cayetano Alberto Silva? En principio porque el material bibliográfico existente sobre este es escaso y poco accesible. De ahí que Alejandra García se propuso investigar con minuciosidad la extraordinaria vida del autor de esta y muchas otras composiciones que son su legado, a través de su contextualización en los más recientes aportes académicos y con respaldo documental sobre su vida; desde su nacimiento a mediados del siglo XIX en la Banda Oriental del Uruguay hasta su muerte en la Argentina de 1920. Resolviendo puntos ciegos de su existencia, Alejandra aporta con este libro a debates tales como si era hijo de una esclava y su pertenencia a alguna grupalidad afrodescendiente, el racismo del que fue víctima a lo largo de su vida y en la hora de su muerte, su verdadero rostro a través de los retratos, las características que tuvo su formación musical e idiomática, sus vínculos con el ejército y su relación con los consumos problemáticos y las mujeres. Esta biografía permitirá ver, al decir de su autora, al Cayetano humano, real, detrás del artista y de las investiduras que en él hicieron cuerpo». (Descripción del editor).
600 1 4 _aSilva, Cayetano
_99341
650 4 _aMÚSICOS ARGENTINOS
_960
650 4 _aAFRODESCENDIENTES
_96438
650 4 _aURUGUAYOS
_91181
655 _aBiografías
942 _cLIBRO
_kAGN
_n0
999 _c54781
_d54781